Sześć najbliższych państw - Europa - Statystyki

Ogólne statystyki
  • Ten quiz został rozwiązany 67 razy
  • Średni wynik to 3 z 6
Statystyki odpowiedzi
km Państwa % Poprawnych
0 Turcja
91%
14 Maroko
70%
0 Kazachstan
64%
0 Gruzja
59%
0 Azerbejdżan
32%
70 Tunezja
21%
Nie znaleziono quizów pasujących do podanych kryteriów
Rozkład punktacji
Procent ludzi z każdym wynikiem
Percentyl według liczby udzielonych odpowiedzi
Twoja historia wyników
Nie rozwiązałeś tego quizu